01556nam a22001577a 4500003000900000005001700009008004100026040001300067100002500080245012000105250001100225260003700236300001800273490002400291520108300315IT-RoPau20220918181103.0130327b xxu||||| |||| 00| 0 eng d cIT-RoPau aSSP Provincia Italia aXIV Capitolo della Provincia Italia / AttibCon il cuore di Paolo, uno stile di vita /Ariccia, 10-22 settembre 2006 a1° ed aRomabSSP Casa Provincialec2006 a95 pp.c21 cm aSocietà San Paolo aIndice Presentazione Lettera di nomina Convocazione del Capitolo Provinciale Lettera del Superiore Generale: linee programmatiche 1. Identità irrinunciabile del carisma paolino 2. Spiritualità e pratiche di pietà paoline 3. Proposta vocazionale e formazione paolina 4. Tutto per il Vangelo con tutta la comunicazione 5. Progetto comunitario paolino 6. Progetto di Famiglia Paolina Elenco dei membri del XIV Capitolo Provinciale Celebrazione eucaristica di apertura Omelia del Superiore provinciale In navigazione verso il "nuovo mondo" dei media Prof. Alberto Bourlot Fedeltà creativa al carisma paolino Don Silvio Sassi "Con il cuore di Paolo, uno stile di vita" Relazione del Superiore Provinciale Don Ampelio Crema 1. Introduzione 2. Con il cuore di Paolo 3. Dare un " volto" alle attese e speranze: alcune piste possibili 4. Conclusione Verbale dell'elezione dei Consiglieri provinciali Celebrazione eucaristica di chiusura Omelia del Superiore generale Progetto pastorale della Provincia Italia 1. Con il cuore di Paolo 2. In comunione di vita 3. Per la missione